Kashmir : the Himalayan Paradise
| Main Author: | |
|---|---|
| Format: | Book |
| Published: |
London :
Tiger Books International ,
1990
|
| Subjects: |
MARC
| LEADER | 00000cam a2200000 7i4500 | ||
|---|---|---|---|
| 001 | 0000001152 | ||
| 002 | 000001272 | ||
| 005 | .0 | ||
| 020 | |a 1855010526 | ||
| 090 | 0 | 0 | |a 915.4604 |b DSO |
| 100 | 0 | |a D'Souza, Marie | |
| 245 | 1 | 0 | |a Kashmir : |b the Himalayan Paradise |c Marie D'Souza ; photographs by Sanjeev Saith |
| 260 | |a London : |b Tiger Books International , |c 1990 | ||
| 300 | |a 80p. : |b ill. ; |c 27cm. | ||
| 651 | 0 | |a Jammu and Kasmir(India) |x Description and travel | |
| 999 | |a 030304 |b BUKU |c PINJAMAN |e PERPUSTAKAAN KOMUNITI PETALING JAYA | ||